书目信息 |
| 题名: |
原国民党高级将领的战场记忆
|
|
| 作者: | 刘晓冰 主编 ;全国政协文化文史和学习委员会 编 | |
| 分册: | 平津战役 | |
| 出版信息: | 北京 中国文史出版社 2019 |
|
| 页数: | 12,415页 | |
| 开本: | 24cm | |
| 丛书名: | ||
| 单 册: | ||
| 中图分类: | K266.606 | |
| 科图分类: | ||
| 主题词: | 平津战役(1948-1949)--ping jin zhan yi (1948-1949)--史料 | |
| 电子资源: | ||
| ISBN: | 978-7-5205-0480-5 | |
| 000 | 01199nam0 2200277 450 | |
| 001 | 2159233311 | |
| 005 | 20210926145256.0 | |
| 010 | @a978-7-5205-0480-5@dCNY93.00 | |
| 100 | @a20190226d2019 em y0chiy50 ea | |
| 101 | 0 | @achi |
| 102 | @aCN@b110000 | |
| 105 | @aa z 000yy | |
| 106 | @ar | |
| 200 | 1 | @a原国民党高级将领的战场记忆@Ayuan guo min dang gao ji jiang ling de zhan chang ji yi@i平津战役@f刘晓冰主编@g全国政协文化文史和学习委员会编 |
| 210 | @a北京@c中国文史出版社@d2019 | |
| 215 | @a12,415页@c照片@d24cm | |
| 300 | @a中国纪 | |
| 314 | @a主编:刘晓冰 | |
| 330 | @a本书收录了曾参加平津战役的国民党高级将领,如安春山、林泽生、孙兰峰等,对该战役的回忆。分为全战役概述、新保安战役、张家口战役、天津战役、北平和平解放、绥远起义等章。并附有国民党军作战序列表和战役地图。比较全面、详细地记录下了国民党军视角下的平津战役。 | |
| 517 | 1 | @a平津战役@Aping jin zhan yi |
| 606 | 0 | @a平津战役(1948-1949)@Aping jin zhan yi (1948-1949)@j史料 |
| 690 | @aK266.606@v5 | |
| 701 | 0 | @a刘晓冰@Aliu xiao bing@4主编 |
| 712 | 02 | @a全国政协文化文史和学习委员会@Aquan guo zheng xie wen hua wen shi he xue xi wei yuan hui@4编 |
| 801 | 0 | @aCN@b百万庄@c20210925 |
| 905 | @b1298700-03@dK266.606@e66@f4 | |
| 原国民党高级将领的战场记忆.平津战役/刘晓冰主编/全国政协文化文史和学习委员会编.-北京:中国文史出版社,2019 |
| 12,415页:照片;24cm |
| 中国纪 |
| ISBN 978-7-5205-0480-5:CNY93.00 |
| 本书收录了曾参加平津战役的国民党高级将领,如安春山、林泽生、孙兰峰等,对该战役的回忆。分为全战役概述、新保安战役、张家口战役、天津战役、北平和平解放、绥远起义等章。并附有国民党军作战序列表和战役地图。比较全面、详细地记录下了国民党军视角下的平津战役。 |
| ● |
| 相关链接 |
|
|
|
|
正题名:原国民党高级将领的战场记忆
索取号:K266.606/66
 
预约/预借
| 序号 | 登录号 | 条形码 | 馆藏地/架位号 | 状态 | 备注 |
| 1 | 1298700 | 212987008 | 第二样本阅览室/ [索取号:K266.606/66] | 在馆 | |
| 2 | 1298701 | 212987017 | 第二借阅区/ [索取号:K266.606/66] | 在馆 | |
| 3 | 1298702 | 212987026 | 第二借阅区/ [索取号:K266.606/66] | 在馆 | |
| 4 | 1298703 | 212987035 | 第二借阅区/ [索取号:K266.606/66] | 在馆 |